| 000 | 00439nam a22001337a 4500 | ||
|---|---|---|---|
| 082 |
_a343.0946095491 _bGOV _cD |
||
| 100 |
_aGovt. of Pakistan _911105 |
||
| 245 |
_aComparative Statement Original Draft Road Safety Act Bill 1992 And Proposed Road safety Act 1993. _cGovt of Pakistan |
||
| 260 |
_aPakistan _bGovt of Pakistan _c1993 |
||
| 300 | _a61 P.: | ||
| 526 |
_a0 _b0 _c0 _d343_094609549100000_GOV |
||
| 650 |
_aMCE _9379 |
||
| 942 |
_2ddc _cBK |
||
| 999 |
_c542629 _d542629 |
||